000 01048nam a22003257a 4500
003 CHAP
005 20220817041507.0
008 971013s1975 r 00010 d
010 _a16032
011 _a17004
035 _a21086
040 _cCHAP
082 _a631.4
_bB5
100 0 0 _aBie, Stein W.
_912625
245 _aSoil information systems
_b: proceedings of the meeting
260 _aWageningen :
_bPUDOC,
_c1975
300 _a87 p.
_b: ilus.
590 _aBATCH-UPD
_b10
_c20130110
_lUCH01
_h0229
590 _aBATCH-UPD
_b10
_c20130110
_lUCH01
_h1523
590 _aBATCH-UPD
_b10
_c20130409
_lUCH01
_h2252
590 _aBATCH-UPD
_b10
_c20130410
_lUCH01
_h1610
590 _aBATCH-UPD
_b10
_c20130914
_lUCH01
_h0626
590 _aCONVERSION
_b10
_c20130109
_lUCH01
_h1310
650 1 4 _aProcesamiento automático de datos en suelos.
650 1 4 _aSuelos
_xCongresos.
_9110281
650 1 4 _aSuelos
_xSistemas de información.
_9110482
901 _aBK
942 _cLIBRO
949 _a631.4 B5
_bBC
_cLIBRO
_d33724000060133
_eLIBRO
_h68937
_i21086
_si
999 _c16032
_d16032